000 00416nam a22001217a 4500
040 _cSY
082 _a576
100 _aCHAN SARUN
245 _aការវិភាកលើមុខរបរ និងការប្រើប្រាស់ធនធានមនុស្សក្នុងវិស័យកសិកម្មនៅកម្ពុជា
260 _aRUA
_bCHA
_c1997
300 _a147p.
942 _cKB
999 _c9194
_d9194